000 00889nas a2200289 4500
001 BR0705469
003 BR-BrBNA
005 20231205111202.0
007 ta
008 230509b bl.|||p| |||| 00| 00por d
040 _aBR-BrBNA
_bpor
_cBiblioteca Nacional de Agricultura
041 _a(Pt)
072 _aL70
100 1 _aOliveira, S.T. de
100 1 _aLeme, M.C.
100 1 _aPippi, N.L.
100 1 _aRaiser, A.G.
100 1 _aManfron, M.P.
245 1 _aFormulações de confrei (Symphytum Officinale L.)na cicatrização de feridas cutâneas de ratos
650 _aRATO
650 _aCICATRIZAÇÃO
650 _aFITOTERAPIA
650 _aCOMFREY
773 0 _tRevista da Faculdade de Zootecnia, Veterinária e Agronomia (Brazil)
_xISSN 0104-4257
_g(2000-2001), v. 7-8(1) p. 63-67
_wBR0705469
909 _a202311
_bLúcia
_c55
_dLúcia Elande
942 _2AGRIS
_n0
_cANA
999 _c191204
_d191204